[Event "Le Mans op"]
[Site "Le Mans "]
[Date "2001.12.29"]
[Round "6"]
[White "Tailland, Philippe"]
[Black "Barbini, Denis"]
[Result "1/2-1/2"]
[WhiteElo "1820"]
[BlackElo "2104"]
[PlyCount "92"]
[EventDate "2001.12.26"]
[EventType "swiss"]
[EventRounds "9"]
[EventCountry "FRA"]
[SourceTitle "EXT 2008"]
[Source "ChessBase"]
[SourceDate "2007.11.25"]
[SourceVersion "1"]
[SourceVersionDate "2007.11.25"]
[SourceQuality "1"]

1. e4 e5 2. Nf3 Nc6 3. Bb5 f5 4. d3 fxe4 5. dxe4 Nf6 6. 0-0 Bc5 7. Bg5 d6 8. Nc3 Qe7 9. Nd5 Qf7 10. Bxf6 gxf6 11. c3 0-0 12. b4 Bb6 13. Bc4 Be6 14. Qb3 Rae8 15. Nxb6 axb6 16. Bxe6 Qxe6 17. Qxe6+ Rxe6 18. Nh4 Ne7 19. c4 f5 20. Nxf5 Nxf5 21. exf5 Rxf5 22. a4 Rf4 23. Rfc1 Ref6 24. f3 Rd4 25. Ra2 Rff4 26. Rac2 Rd3 27. c5 bxc5 28. bxc5 Rxa4 29. cxd6 cxd6 30. Rc7 Rad4 31. Rxb7 Rd1+ 32. Rxd1 Rxd1+ 33. Kf2 Rd2+ 34. Kg3 d5 35. Rd7 d4 36. h4 h5 37. Kh3 d3 38. g4 hxg4+ 39. Kxg4 Rd1 40. Kf5 d2 41. h5 e4 42. Kf6 e3 43. Rd8+ Kh7 44. Rd7+ Kh6 45. Rd8 Kh7 46. Rd7+ Kh6 1/2-1/2

[Event "Le Mans op"]
[Site "Le Mans "]
[Date "2001.12.27"]
[Round "2"]
[White "Tailland, Philippe"]
[Black "Robveille, Laurent"]
[Result "0-1"]
[WhiteElo "1820"]
[BlackElo "2080"]
[PlyCount "32"]
[EventDate "2001.12.26"]
[EventType "swiss"]
[EventRounds "9"]
[EventCountry "FRA"]
[SourceTitle "EXT 2008"]
[Source "ChessBase"]
[SourceDate "2007.11.25"]
[SourceVersion "1"]
[SourceVersionDate "2007.11.25"]
[SourceQuality "1"]

1. e4 d5 2. exd5 Qxd5 3. Nc3 Qa5 4. d4 Nf6 5. Bc4 Nc6 6. Bb3 Bg4 7. f3 Bh5 8. Nge2 0-0-0 9. Bd2 Nxd4 10. Nd5 Qa6 11. Nxc7 Qb6 12. Bf4 Nxb3 13. Qxd8+ Kxd8 14. Rd1+ Kc8 15. Na8 Qa5+ 16. c3 e5 0-1